| 000 | 00438nam a2200133Ia 4500 | ||
|---|---|---|---|
| 008 | 171207s9999 xx 000 0 und d | ||
| 100 | _aZhu, Yuhao | ||
| 245 | _aOptimizing General-Purpose CPUs for Energy-Effi cient Mobile Web Computing | ||
| 245 | _cZhu, Yuhao and Vijay Janapa Reddi | ||
| 260 | _c2017 | ||
| 300 | _apages , July 2017 | ||
| 440 |
_aACM Transactions on Computer Systems _v35:1 |
||
| 650 | _aCOMPUTER SYSTEMS ORGANIZATION | ||
| 999 |
_c347605 _d347605 |
||